|
|
|
|
| LEADER |
01467nam a2200373 a 4500 |
| 001 |
28862 |
| 003 |
BD-DhAAL |
| 005 |
20150911020002.0 |
| 008 |
150131s2010 maua b 001 0 eng |
| 010 |
|
|
|a 2009030769
|
| 020 |
|
|
|a 9780135101582
|
| 020 |
|
|
|a 0135101581
|
| 020 |
|
|
|a 9780136096986
|
| 020 |
|
|
|a 0136096980
|
| 035 |
|
|
|a (OCoLC)ocn297149492
|
| 040 |
|
|
|a DLC
|c DLC
|d YDX
|d BWX
|d CDX
|d DLC
|d BD-DhAAL
|
| 050 |
0 |
0 |
|a HD2741
|b .K4713 2010
|
| 082 |
0 |
0 |
|a 338.7/4
|2 22
|
| 100 |
1 |
|
|a Kim, Kenneth A.
|9 7752
|
| 245 |
1 |
0 |
|a Corporate governance /
|c Kenneth A. Kim, John R. Nofsinger, Derek J. Mohr.
|
| 250 |
|
|
|a 3rd ed.
|
| 260 |
|
|
|a Boston :
|b Prentice Hall,
|c c2010.
|
| 300 |
|
|
|a xvii, 185 p. :
|b ill. ;
|c 24 cm.
|
| 490 |
1 |
|
|a The Prentice Hall series in finance
|
| 504 |
|
|
|a Includes bibliographical references and index.
|
| 541 |
|
|
|e 28862
|
| 650 |
|
0 |
|a Corporate governance
|z United States.
|9 7753
|
| 700 |
1 |
|
|a Nofsinger, John R.
|9 7754
|
| 700 |
1 |
|
|a Mohr, Derek J.
|9 7755
|
| 830 |
|
0 |
|a Prentice Hall finance series.
|9 7756
|
| 942 |
|
|
|2 ddc
|c BK
|0 1
|
| 999 |
|
|
|c 33539
|d 33539
|
| 952 |
|
|
|0 0
|1 0
|2 ddc
|4 0
|6 338_740000000000000_KIM
|7 0
|9 52388
|a BRACUL
|b BRACUL
|c GEN
|d 2015-01-31
|e Trim Education
|g 4395.00
|l 5
|m 34
|o 338.74 KIM
|p 3010028862
|r 2022-08-25
|s 2020-01-27
|t 1
|w 2015-01-31
|y BK
|
| 952 |
|
|
|0 0
|1 0
|2 ddc
|4 0
|6 338_740000000000000_KIM
|7 0
|9 53371
|a BRACUL
|b BRACUL
|c GEN
|d 2015-03-31
|e Trim Education
|g 4395.00
|l 6
|m 29
|o 338.74 KIM
|p 3010028971
|r 2019-10-31
|s 2019-10-25
|t 2
|w 2015-03-31
|y BK
|